| 000 | 00795nam a2200265 4500 | ||
|---|---|---|---|
| 001 | 260 | ||
| 003 | BD-RjUL | ||
| 005 | 20211208233137.0 | ||
| 008 | 131116s1964 ii a|||| |||| 001 0 eng d | ||
| 035 |
_a(BD-RjUL)277 _a(OCoLC)179537 |
||
| 040 |
_aBD-RjUL _beng _cBD-RjUL _dBD-RjUL |
||
| 041 | _aeng | ||
| 082 | 0 | 4 |
_216 _a370.1508 _bEDU 1964 |
| 100 |
_aSkinner, Charles E _9134749 |
||
| 245 | 1 |
_aEducational psychology / _cCharles E Skinner |
|
| 250 | _a4th ed. | ||
| 260 |
_aNew Delhi : _bPrentice-hall of India, _cc1964. |
||
| 300 |
_ax, 755 p. : _billus. ; _c22 cm. |
||
| 526 | _bPsychology | ||
| 650 |
_aEducational psychology _9851 |
||
| 650 |
_aPädagogische Psychologie. _9852 |
||
| 650 |
_aPsychopédagogie. _9853 |
||
| 856 |
_3WorldCat details _uhttp://www.worldcat.org |
||
| 942 |
_2ddc _cBK |
||
| 999 |
_c260 _d260 |
||